000 00842nam a22002417a 4500
003 OSt
005 20250124030031.0
008 250124b |||||||| |||| 00| | eng d
020 _a971-23-2451-6
040 _cJMCFI - Learning Resource Center
082 _aFil./G.Ed. 910 Sa129 2001
100 _aSagmit, Rosario S
_97623
245 _aGeography in the changing world /
_cRosario S. Sagmit and Nora N. Soriano.
250 _aFirst edition 1998.
260 _aManila :
_bRex Book Store, Inc. ,
_c2001.
300 _axi, 204 pages :
_bblack and white, illus. ;
_c28 cm
500 _aIncludes appendixes, indexes, and glossary.
504 _aIncludes bibliographical references.
650 _aGeography.
_97624
700 _aSoriano, Nora N
_97625
700 _aOng, Remedios C
_econtributor
_97626
942 _2ddc
_cBK
_eFirst edition 1998
_n0
999 _c3272
_d3272